Agricultural finance: an introduction to micro and macro concepts

Gardado en:
Detalles Bibliográficos
Autor Principal: John B Penson
Formato: Libro
Idioma:Undetermined
Publicado: Englewood Cliffs Prentice-Hall, Inc 1980
Những chủ đề:
Các nhãn: Engadir etiqueta
Sen Etiquetas, Sexa o primeiro en etiquetar este rexistro!
Thư viện lưu trữ: Trung tâm Học liệu Trường Đại học Cần Thơ
LEADER 00574nam a2200181Ia 4500
001 CTU_38935
008 210402s9999 xx 000 0 und d
082 |a 658.15963 
082 |b P418 
100 |a John B Penson 
245 0 |a Agricultural finance: an introduction to micro and macro concepts 
245 0 |c John B Penson, David A Lins 
260 |a Englewood Cliffs 
260 |b Prentice-Hall, Inc 
260 |c 1980 
650 |a agricultural credit,agriculture - economic aspects 
904 |i Liên, 000515 
980 |a Trung tâm Học liệu Trường Đại học Cần Thơ